|
|
|
|
| LEADER |
00000nam0a2200000 4500 |
| 001 |
351710 |
| 005 |
20231102010430.0 |
| 035 |
|
|
|a (RuTPU)RU\TPU\retro\6972
|
| 090 |
|
|
|a 351710
|
| 100 |
|
|
|a 20190711d1911 k y0rusy50 ca
|
| 101 |
0 |
|
|a rus
|
| 102 |
|
|
|a RU
|
| 105 |
|
|
|a y z 000zy
|
| 200 |
1 |
|
|a Отчет о заграничной командировке летом 1910 года
|e [отдельный оттиск]
|f К. П. Гринаковский
|
| 210 |
|
|
|a [Томск]
|d [1911]
|
| 215 |
|
|
|a 5, 2 с.
|
| 300 |
|
|
|a Текст в русской дореформенной орфографии
|
| 423 |
|
|
|t Отзыв о руководстве Ад.-проф. И. М. Холмогорова "Машиностроительное черчение"
|o [оттиск статьи]
|f С. П. Гомелля, Н. В. Гутовский
|
| 600 |
|
1 |
|a Тамман
|b Г. Г. И. А.
|c немецкий физикохимик
|c иностранный член-корреспондент Петербургской АН (1912) и иностранный почетный член АН СССР (1927)
|f 1861-1938
|g Густав Генрих Иоганн Август
|2 stltpush
|3 (RuTPU)RU\TPU\pers\17681
|9 6566
|
| 600 |
|
1 |
|a Холмогоров
|b И. М.
|c инженер-технолог, специалист в области машиностроения
|f 1868-1934
|g Иван Михайлович
|2 stltpush
|3 (RuTPU)RU\TPU\pers\34830
|9 18167
|
| 606 |
1 |
|
|a Кристаллизация
|x (кристаллография)
|2 stltpush
|3 (RuTPU)RU\TPU\subj\79323
|9 87913
|
| 606 |
1 |
|
|a Машиностроительное черчение
|2 stltpush
|3 (RuTPU)RU\TPU\subj\41536
|9 61326
|
| 610 |
1 |
|
|a коллекция ТПУ
|
| 610 |
1 |
|
|a труды учёных ТПУ
|
| 610 |
1 |
|
|a оттиски
|
| 610 |
1 |
|
|a методы
|
| 610 |
1 |
|
|a линейная скорость
|
| 610 |
1 |
|
|a переохлаждения
|
| 610 |
1 |
|
|a плавление
|
| 610 |
1 |
|
|a кристаллические вещества
|
| 610 |
1 |
|
|a учебные пособия
|
| 610 |
1 |
|
|a характеристики
|
| 610 |
1 |
|
|a библиография
|
| 675 |
|
|
|a 548.5
|v 4
|
| 675 |
|
|
|a 744:621
|v 4
|
| 701 |
|
1 |
|a Гринаковский
|b К. П.
|c российский химик
|c преподаватель Томского технологического института (1906-1914)
|f 1873-19??
|g Константин Петрович
|2 stltpush
|3 (RuTPU)RU\TPU\pers\39419
|
| 801 |
|
1 |
|a RU
|b 63413507
|c 20190711
|
| 801 |
|
2 |
|a RU
|b 63413507
|c 20201215
|g RCR
|
| 942 |
|
|
|c BK
|